000 00766nam a2200217Ii 4500
003 JO-AjNU
008 230605s9999||||xx |||||||||||||| ||und||
017 _a1996/1/88
040 _aJO-AjNU
_bara
_erda
_cJO-AjNU
041 _aara
050 1 4 _aLA1473.Q27.1996
100 3 _aالقريوتي،محمد قاسم,
_eauthor
_98065
245 0 0 _aالتعليم العالي في الأردن،الجامعات،الثقافة والمثقفون،الهم الوطني
250 _aط1
264 3 1 _aعمان:دار البشير،1996
300 _a111ص
336 _atext
_btxt
_2rdacontent
337 _aunmediated
_bn
_2rdamedia
338 _avolume
_bnc
_2rdacarrier
650 4 _aالتعليم العالي-الجامعات والكليات-الأردن
_98066
999 _aA598
_c4166
_d4166